01211cam a22003854i 4500003000900000005001700009008004100026020001500067035002700082040003300109082002100142100003100163245006000194264005000254300003800304336002100342337002500363338002300388490004600411504002800457505017600485526001000661526001000671526001000681526001000691526000800701526000800709526000800717526000800725526000800733526000800741526000800749630006300757650000500820PE-LiUPU20250731173532.0150616s r 000 0 d a0801030242 a(Sirsi) i9780801030246 aPE-LiUPUbspacPE-LiUPUerda04a222.406bD322211 aDavis, Dale Ralph,eautor.10aLooking on the Heart; 1 Samuel.n2 /cDale Ralph Davis. 1aGrand Rapids, Michigan :bBaker Books,c1994. a187 páginas ;c21 centímetros atext2rdacontent aunmediated2rdamedia avolume2rdacarrier0 aExpositor's Guide to the Historical Books aIncluye bibliografía.0 aRejecting the chosen.- Looking on the heart.- Glory to God in the highest and the on heart-thud!.- The shadow of the almighty.- How do you spell security?.- Desperation. aSEG42 aSEG41 aSEG40 aSEG39 aP94 aP87 aP86 aP85 aP77 aP76 aP35 aBiblia.pA.T.pSamuel IxCrítica, interpretación, etc.04a